000 00267 a2200097 4500
020 _a9789359626017
100 _aSatchidanandan
245 _aEthra cheriyathee bhoomi(എത്ര ചെറിയതീ ഭൂമി)
260 _bMathrubhumi books
_c2025
942 _cOO
999 _c115760
_d115759